[Event "SR 4. liga A21 2008/2009"]
[Site "?"]
[Date "2008.11.09"]
[Round "3.1"]
[White "Beran, Jan ml"]
[Black "Pagerka, Slavomir"]
[Result "1-0"]
[WhiteElo "1757"]
[BlackElo "1848"]
[PlyCount "81"]
[EventDate "2008.??.??"]

1. e4 e5 2. Nf3 Nc6 3. Bb5 a6 4. Bxc6 dxc6 5. d4 Bg4 6. dxe5 Qxd1+ 7. Kxd1 Bc5
8. Ke2 O-O-O 9. Be3 Bxe3 10. Kxe3 Ne7 11. Ng5 Bh5 12. g4 h6 13. Ne6 fxe6 14.
gxh5 Rhf8 15. Rg1 Rf7 16. Nd2 c5 17. f4 Rdf8 18. Raf1 Kd7 19. Rg4 Nc6 20. Rfg1
Rg8 21. Rg6 Ne7 22. R6g4 Nc6 23. c3 b5 24. Nb3 c4 25. Nc5+ Ke7 26. Rg6 Nd8 27.
Rd1 a5 28. Rd7+ Ke8 29. Rxf7 Kxf7 30. f5 Re8 31. Kf4 exf5 32. exf5 Re7 33. e6+
Kf8 34. f6 Re8 35. Nd7+ Kg8 36. Rxg7+ Kh8 37. Kf5 Nxe6 38. Kg6 Nf8+ 39. Nxf8
Rxf8 40. f7 Rb8 41. Rh7# 1-0

[Event "SR 4. liga A21 2008/2009"]
[Site "?"]
[Date "2008.11.09"]
[Round "3.1"]
[White "Nemeckayova, Monika"]
[Black "Bendzela, Tibor"]
[Result "1/2-1/2"]
[WhiteElo "1505"]
[BlackElo "1477"]
[PlyCount "74"]
[EventDate "2008.??.??"]

1. e4 d5 2. exd5 Qxd5 3. Nc3 Qd6 4. d4 Nf6 5. Nf3 Bg4 6. Be3 e6 7. h3 Bh5 8. g4
Bg6 9. Qd2 Ne4 10. Nxe4 Bxe4 11. Bg2 Na6 12. Nh4 Qc6 13. Bxe4 Qxe4 14. f3 Qc6
15. Rf1 Bd6 16. O-O-O Qa4 17. Kb1 Nb4 18. a3 Nd5 19. Ng2 Qb5 20. Qd3 Qxd3 21.
Rxd3 O-O-O 22. Bg5 Be7 23. Bxe7 Nxe7 24. Nf4 g6 25. Re1 Rd6 26. c3 g5 27. Ng2
c5 28. Red1 c4 29. Re3 Nd5 30. Re5 f6 31. Re2 h5 32. Rde1 Kd7 33. Ne3 Nxe3 34.
Rxe3 hxg4 35. fxg4 b6 36. Rf1 Rf8 37. Ref3 Ke7 1/2-1/2

[Event "SR 4. liga A21 2008/2009"]
[Site "?"]
[Date "2008.11.09"]
[Round "3.1"]
[White "Podkopcan, Miroslav"]
[Black "Tokoly, Daniel"]
[Result "1-0"]
[WhiteElo "1425"]
[BlackElo "1494"]
[PlyCount "55"]
[EventDate "2008.??.??"]

1. e4 e5 2. Nf3 Nc6 3. Bb5 a6 4. Ba4 Nf6 5. O-O Be7 6. Re1 O-O 7. c3 b5 8. Bc2
d6 9. h3 Bb7 10. d4 Re8 11. Nbd2 exd4 12. cxd4 Na5 13. Nf1 Nh5 14. N3h2 Nf6 15.
Ng3 Bf8 16. Bg5 h6 17. Bxf6 Qxf6 18. Ng4 Qe6 19. f4 d5 20. f5 Qc6 21. e5 Nc4
22. b3 Na5 23. Rc1 Ba3 24. Rb1 Bc8 25. Nh5 Kh8 26. Qd2 Qb6 27. f6 g5 28. Nxh6
1-0

[Event "SR 4. liga A21 2008/2009"]
[Site "?"]
[Date "2008.11.09"]
[Round "3.1"]
[White "Skapik, Branislav"]
[Black "Lanik, Miroslav"]
[Result "0-1"]
[WhiteElo "1823"]
[BlackElo "1702"]
[PlyCount "72"]
[EventDate "2008.??.??"]

1. e4 c5 2. Nc3 Nc6 3. f4 d6 4. Nf3 e6 5. g3 Nf6 6. Bg2 Be7 7. O-O O-O 8. h3
Rb8 9. d4 cxd4 10. Nxd4 a6 11. Be3 Bd7 12. g4 Nxd4 13. Bxd4 Bc6 14. g5 Nd7 15.
h4 e5 16. Be3 exf4 17. Rxf4 Ne5 18. Nd5 Bxd5 19. exd5 Qc7 20. Be4 Rfe8 21. Bd4
Bf8 22. h5 Qe7 23. Bxe5 Qxe5 24. Qf3 Qxg5+ 25. Kf2 Re7 26. Rg1 Qe5 27. c3 Rbe8
28. Re1 f5 29. Rxf5 Qh2+ 30. Kf1 Qxb2 31. Rxf8+ Rxf8 32. Bxh7+ Kxh7 33. Qxf8
Rxe1+ 34. Kxe1 Qxc3+ 35. Kf1 Qf6+ 36. Qxf6 gxf6 0-1

[Event "SR 4. liga A21 2008/2009"]
[Site "?"]
[Date "2008.11.09"]
[Round "3.2"]
[White "Danada, Tomas"]
[Black "Fidericky, Milan"]
[Result "1-0"]
[WhiteElo "1508"]
[BlackElo "1866"]
[PlyCount "133"]
[EventDate "2008.??.??"]

1. e4 e5 2. Nf3 Nf6 3. d4 Nxe4 4. Nxe5 d6 5. Nf3 d5 6. Nbd2 Bg4 7. Be2 Nd7 8.
O-O Be7 9. Re1 O-O 10. Nxe4 dxe4 11. Nd2 Bf5 12. Bg4 Bxg4 13. Qxg4 f5 14. Qe2
Bd6 15. Nc4 Qf6 16. Nxd6 Qxd6 17. c3 Nf6 18. f3 Rae8 19. fxe4 Nxe4 20. Qf1 Qb6
21. Rb1 g5 22. Be3 Qe6 23. Bxg5 Qg6 24. Bf4 h5 25. Qd3 Rf7 26. Be5 Kh7 27. Re2
Rd7 28. Qc4 c6 29. Rbe1 Rg8 30. Qd3 Qg4 31. Rf1 Qg6 32. Qf3 Nd6 33. Bxd6 Rxd6
34. Qxf5 Rg7 35. Re5 Kh6 36. Qxg6+ Rdxg6 37. Rf2 Rg4 38. Rfe2 h4 39. Re6+ R4g6
40. Rxg6+ Kxg6 41. Re4 Kg5 42. Re5+ Kf4 43. Kf2 Rf7 44. h3 Rh7 45. Re3 Rg7 46.
Re6 Rh7 47. Rd6 Ke4 48. c4 Kd3 49. b3 Kc3 50. d5 cxd5 51. cxd5 Kb2 52. g3 hxg3+
53. Kxg3 Kxa2 54. b4 Kb3 55. b5 Kb4 56. b6 a5 57. Re6 Kb5 58. Kg4 a4 59. h4 a3
60. Re3 Kxb6 61. Rxa3 Kc5 62. Rd3 Kd6 63. h5 b5 64. Kg5 b4 65. h6 b3 66. Rxb3
Kxd5 67. Kg6 1-0

[Event "SR 4. liga A21 2008/2009"]
[Site "?"]
[Date "2008.11.09"]
[Round "3.2"]
[White "Havlicek, Peter"]
[Black "Havel, Filip"]
[Result "1-0"]
[WhiteElo "1684"]
[BlackElo "1399"]
[PlyCount "83"]
[EventDate "2008.??.??"]

1. e4 e5 2. Nf3 Nc6 3. Nc3 Bb4 4. Nd5 d6 5. c3 Ba5 6. b4 Bb6 7. b5 Nce7 8. Nxb6
axb6 9. d4 Bg4 10. Qd3 Bxf3 11. Qxf3 Ng6 12. Bc4 Nf6 13. Bg5 O-O 14. O-O c6 15.
Rad1 c5 16. Bxf6 Qxf6 17. Qxf6 gxf6 18. dxc5 bxc5 19. Rxd6 Kg7 20. Rd7 Ra4 21.
Bd5 Nf4 22. Bb3 Rxe4 23. c4 b6 24. g3 Ne2+ 25. Kg2 Rb8 26. Rfd1 Nd4 27. Rd2 Re1
28. Bd1 Re4 29. Bh5 Kh6 30. Bxf7 Re1 31. Bd5 Ne2 32. Rb7 Rxb7 33. Bxb7 Nd4 34.
Rd3 Rc1 35. Bd5 Ne2 36. Ra3 Nc3 37. Be6 Rc2 38. Ra6 Rxa2 39. Rxb6 Kg5 40. h4+
Kg6 41. g4 h6 42. Bf5+ 1-0

[Event "SR 4. liga A21 2008/2009"]
[Site "?"]
[Date "2008.11.09"]
[Round "3.2"]
[White "Jozefek, Michal"]
[Black "Skapikova, Lubica"]
[Result "1-0"]
[WhiteElo "1896"]
[BlackElo "1958"]
[PlyCount "77"]
[EventDate "2008.??.??"]

1. e4 e5 2. Nf3 Nc6 3. Bb5 a6 4. Ba4 Nf6 5. O-O Be7 6. Qe2 d6 7. c3 O-O 8. d3
Bg4 9. Be3 h6 10. Nbd2 Nh7 11. Kh1 Bg5 12. Rg1 Bxe3 13. Qxe3 f5 14. Bb3+ Kh8
15. exf5 Rxf5 16. h3 Bxf3 17. Nxf3 Qf6 18. Nd2 Ng5 19. Bd1 Rf8 20. f3 Ne6 21.
Be2 Nf4 22. Bf1 Qe7 23. Re1 g5 24. g4 R5f7 25. Rg3 Ng6 26. Be2 Rf4 27. Rf1 Nh4
28. Bd1 Qg7 29. Bb3 Ne7 30. Qa7 d5 31. Bc2 d4 32. Qxb7 dxc3 33. bxc3 e4 34. Bd1
exf3 35. Nxf3 Qxc3 36. Qxa6 Nd5 37. Qxh6+ Kg8 38. Qxg5+ Kf7 39. Qxd5+ 1-0

[Event "SR 4. liga A21 2008/2009"]
[Site "?"]
[Date "2008.11.09"]
[Round "3.2"]
[White "Palka, Miroslav"]
[Black "Danada, Ondrej"]
[Result "1/2-1/2"]
[WhiteElo "1964"]
[BlackElo "1891"]
[PlyCount "79"]
[EventDate "2008.??.??"]

1. c4 e5 2. Nc3 Nc6 3. g3 Nf6 4. Bg2 Bc5 5. e3 d5 6. cxd5 Nb4 7. d4 exd4 8.
exd4 Be7 9. Nge2 Bf5 10. O-O Nc2 11. Rb1 Nb4 12. Ra1 Nc2 13. Rb1 Nb4 14. d6
Bxd6 15. Bxb7 Rb8 16. Qa4+ Qd7 17. Qxa7 c6 18. Bxc6 Qxc6 19. d5 Nbxd5 20. Nd4
Qd7 21. Re1+ Ne7 22. Qxd7+ Bxd7 23. Bg5 O-O 24. Bxf6 gxf6 25. b3 Be5 26. Rbd1
Bg4 27. f3 Rbd8 28. fxg4 Rxd4 29. Ne4 Rfd8 30. Rxd4 Rxd4 31. g5 fxg5 32. Nxg5
Bd6 33. Ne4 Bb4 34. Re2 f5 35. Ng5 Rd1+ 36. Kg2 Rd2 37. Kf3 Rxe2 38. Kxe2 Kg7
39. Ne6+ Kf6 40. Nf4 1/2-1/2

[Event "SR 4. liga A21 2008/2009"]
[Site "?"]
[Date "2008.11.09"]
[Round "3.2"]
[White "Zisek, Jaroslav"]
[Black "Pericka, Pavol"]
[Result "1/2-1/2"]
[WhiteElo "1895"]
[BlackElo "1735"]
[PlyCount "38"]
[EventDate "2008.??.??"]

1. c4 e5 2. Nc3 Nf6 3. g3 c6 4. Bg2 Bc5 5. e3 d5 6. cxd5 cxd5 7. d4 exd4 8.
exd4 Be7 9. Nge2 O-O 10. O-O Bg4 11. Qd3 Bxe2 12. Qxe2 Re8 13. Qb5 Nc6 14. Qxb7
Nxd4 15. Nxd5 Nxd5 16. Qxd5 Rb8 17. b3 Bf6 18. Rb1 Ne2+ 19. Kh1 Nc3 1/2-1/2

[Event "SR 4. liga A21 2008/2009"]
[Site "?"]
[Date "2008.11.09"]
[Round "3.3"]
[White "Curidlo, Jan"]
[Black "Kubis, Ivan"]
[Result "1/2-1/2"]
[WhiteElo "1979"]
[BlackElo "2042"]
[PlyCount "78"]
[EventDate "2008.??.??"]

1. e4 e5 2. Nf3 Nc6 3. Bb5 a6 4. Ba4 Nf6 5. O-O Be7 6. Re1 b5 7. Bb3 O-O 8. c3
d5 9. exd5 Nxd5 10. Nxe5 Nxe5 11. Rxe5 c6 12. d4 Bd6 13. Re1 Qh4 14. g3 Qh3 15.
Bxd5 cxd5 16. Qf3 Bf5 17. Qg2 Qh5 18. f3 Rae8 19. Be3 Bh3 20. Qf2 f5 21. f4 g5
22. Nd2 Kh8 23. b3 Re6 24. c4 Rg6 25. Qf3 Bg4 26. Qf2 Bh3 27. Qf3 Qxf3 28. Nxf3
gxf4 29. Nh4 Rg4 30. Bf2 fxg3 31. hxg3 Rfg8 32. Nxf5 Bb4 33. Re2 R4g5 34. Ne3
Re8 35. c5 Bc3 36. Rd1 Bg4 37. Rd3 Bxe2 38. Rxc3 h5 39. Ng2 b4 1/2-1/2

[Event "SR 4. liga A21 2008/2009"]
[Site "?"]
[Date "2008.11.09"]
[Round "3.3"]
[White "Leska, Marian"]
[Black "Siska, Michal"]
[Result "1-0"]
[WhiteElo "1658"]
[BlackElo "1628"]
[PlyCount "93"]
[EventDate "2008.??.??"]

1. d4 d5 2. c4 c6 3. e3 Nf6 4. Nc3 a6 5. Nf3 Bg4 6. c5 Nbd7 7. Be2 g6 8. Bd2
Bg7 9. O-O O-O 10. Rc1 Bxf3 11. Bxf3 e5 12. b4 e4 13. Be2 h6 14. f4 Nh7 15. Be1
Bf6 16. g3 Be7 17. a3 f5 18. Qd2 h5 19. h4 Nhf6 20. Kg2 Kg7 21. Nd1 Rh8 22. Nf2
Nf8 23. Nh3 Ne6 24. Bf2 Qc7 25. Rfd1 Kf7 26. a4 Qd7 27. Rb1 Ra7 28. b5 axb5 29.
axb5 Rha8 30. Rdc1 Qd8 31. bxc6 bxc6 32. Rb6 Qc7 33. Rcb1 Nd7 34. R6b4 Qa5 35.
Qb2 Qa2 36. Bd1 Qxb2 37. R4xb2 Ra1 38. Rb7 Rxb1 39. Rxb1 Ra2 40. Rb7 Nf6 41.
Ng5+ Nxg5 42. hxg5 Ne8 43. Rb6 Ra1 44. Be2 Ra2 45. Bf1 Bxc5 46. dxc5 d4 47.
Bc4+ 1-0

[Event "SR 4. liga A21 2008/2009"]
[Site "?"]
[Date "2008.11.09"]
[Round "3.3"]
[White "Manak, Adrian"]
[Black "Hrubsa, Marian"]
[Result "1-0"]
[WhiteElo "1637"]
[BlackElo "1909"]
[PlyCount "89"]
[EventDate "2008.??.??"]

1. e4 e6 2. d4 d5 3. Nd2 Nf6 4. e5 Nfd7 5. Bd3 c5 6. c3 Nc6 7. Ne2 cxd4 8. cxd4
Be7 9. O-O O-O 10. f4 f6 11. Nf3 fxe5 12. fxe5 b6 13. Qc2 Nb4 14. Bxh7+ Kh8 15.
Qg6 Qe8 16. a3 Qxg6 17. Bxg6 Ba6 18. Re1 Nd3 19. Bxd3 Bxd3 20. Bg5 Rxf3 21.
Bxe7 Rf7 22. Bd6 Rc8 23. Rac1 Rxc1 24. Nxc1 Bb5 25. g3 Nf8 26. Ne2 Ng6 27. Rf1
Rd7 28. Rf2 Bd3 29. h4 Kg8 30. h5 Ne7 31. g4 Bxe2 32. Rxe2 Nc6 33. Rc2 Nxd4 34.
Rc8+ Kh7 35. Kf2 Rf7+ 36. Ke3 Nf3 37. Re8 Nh2 38. Rxe6 Nxg4+ 39. Kd4 Rf5 40.
Rg6 Nf2 41. e6 Rxh5 42. e7 Rh4+ 43. Kxd5 Re4 44. Re6 Rxe6 45. Kxe6 1-0

[Event "SR 4. liga A21 2008/2009"]
[Site "?"]
[Date "2008.11.09"]
[Round "3.3"]
[White "Sedlak, Rastislav"]
[Black "Planka, Peter"]
[Result "1/2-1/2"]
[WhiteElo "1590"]
[BlackElo "1350"]
[PlyCount "127"]
[EventDate "2008.??.??"]

1. e4 e5 2. Nf3 Nc6 3. Bc4 Bc5 4. O-O Nf6 5. d3 h6 6. Nc3 O-O 7. Nd5 d6 8. Be3
Bxe3 9. Nxe3 Na5 10. h3 Nxc4 11. Nxc4 Be6 12. Ne3 Qe7 13. Nh4 Nh7 14. Nhf5 Bxf5
15. Nxf5 Qe6 16. Qg4 Qf6 17. c3 Qg5 18. Qxg5 Nxg5 19. f4 Ne6 20. fxe5 dxe5 21.
Ne7+ Kh7 22. g3 Rad8 23. Rad1 Rd7 24. Nd5 c6 25. Nb4 Nc5 26. Kf2 a5 27. Nc2
Rxd3 28. Rxd3 Nxd3+ 29. Kf3 b5 30. b4 axb4 31. Nxb4 Nxb4 32. cxb4 Ra8 33. Rf2
Ra3+ 34. Kg4 Re3 35. Rxf7 Rxe4+ 36. Kf5 Rxb4 37. Kxe5 Ra4 38. Rc7 Rxa2 39. Rxc6
Ra3 40. Kf4 b4 41. Rb6 Rb3 42. h4 Rb1 43. h5 b3 44. Rb7 b2 45. Kg4 Kg8 46. Rb6
Kf7 47. Rb7+ Ke8 48. Rb6 Kd7 49. Rb8 Kc7 50. Rb5 Kc6 51. Rb8 Kd5 52. Rd8+ Ke4
53. Re8+ Kd3 54. Rb8 Ke2 55. Rb7 Kf2 56. Rb3 Ke2 57. Rb7 Ke3 58. Re7+ Kd4 59.
Rb7 Kc3 60. Rc7+ Kd2 61. Rd7+ Kc3 62. Rc7+ Kd2 63. Rd7+ Kc3 64. Rc7+ 1/2-1/2

[Event "SR 4. liga A21 2008/2009"]
[Site "?"]
[Date "2008.11.09"]
[Round "3.3"]
[White "Vach, Jozef"]
[Black "Orvisky, Vladimir"]
[Result "1-0"]
[WhiteElo "1917"]
[BlackElo "1903"]
[PlyCount "113"]
[EventDate "2008.??.??"]

1. d4 d5 2. Nf3 Nf6 3. Bg5 Ne4 4. Bh4 Nd7 5. e3 c6 6. Bd3 Ndf6 7. Nbd2 Nxd2 8.
Nxd2 e6 9. Bg3 Bd6 10. Bxd6 Qxd6 11. c3 e5 12. dxe5 Qxe5 13. Nf3 Qe7 14. h3 O-O
15. Qc2 g6 16. O-O-O b5 17. g4 a5 18. g5 Nd7 19. h4 Nc5 20. Nd4 Bd7 21. Rdg1 b4
22. h5 Nxd3+ 23. Qxd3 c5 24. Ne2 Bf5 25. Qd2 Be4 26. Rh4 gxh5 27. Nf4 Bg6 28.
Nxh5 Qe5 29. Nf6+ Kg7 30. Qxd5 Qf5 31. Qxf5 Bxf5 32. e4 Bg6 33. f4 h6 34. Rxh6
Rh8 35. Rgh1 Rxh6 36. Rxh6 Ra6 37. Nh5+ Kf8 38. f5 Ke7 39. fxg6 fxg6 40. Nf4
Kf7 41. Rh7+ Kg8 42. Rc7 bxc3 43. bxc3 Rd6 44. e5 Rd8 45. e6 Re8 46. Rxc5 a4
47. Rc7 a3 48. Kd2 Rf8 49. Ke3 Rf5 50. Rc8+ Kg7 51. Ke4 Rf8 52. Rxf8 Kxf8 53.
Nxg6+ Ke8 54. Kd5 Kd8 55. Kd6 Ke8 56. e7 Kf7 57. Kd7 1-0

[Event "SR 4. liga A21 2008/2009"]
[Site "?"]
[Date "2008.11.09"]
[Round "3.4"]
[White "Harasta, Juraj"]
[Black "Bardik, Jozef"]
[Result "0-1"]
[WhiteElo "1628"]
[BlackElo "1792"]
[PlyCount "84"]
[EventDate "2008.??.??"]

1. e4 c6 2. d4 d5 3. e5 Bf5 4. Bd3 Bxd3 5. Qxd3 e6 6. f4 f5 7. Nf3 Qd7 8. Bd2
c5 9. c4 Nc6 10. Be3 Nb4 11. Qb3 dxc4 12. Qxc4 cxd4 13. Nxd4 Rc8 14. Qb3 Bc5
15. a3 Nd5 16. Nc2 Bxe3 17. Nxe3 Rc1+ 18. Nd1 Nxf4 19. Kf2 Qd4+ 20. Qe3 Nd3+
21. Ke2 Qxe3+ 22. Kxe3 Nxb2 23. Kd2 Rxd1+ 24. Rxd1 Nxd1 25. Kxd1 Ne7 26. Nd2
Nc6 27. Nf3 Ke7 28. Rb1 Rd8+ 29. Ke2 Rd7 30. Ke3 h6 31. h4 Kf7 32. Kf4 Kg6 33.
g4 fxg4 34. Kxg4 Ne7 35. Kf4 Nf5 36. a4 Rc7 37. Kg4 Rc4+ 38. Kh3 b6 39. Ra1 Rf4
40. Ra3 Kh5 41. a5 bxa5 42. Kg2 a4 0-1

[Event "SR 4. liga A21 2008/2009"]
[Site "?"]
[Date "2008.11.09"]
[Round "3.4"]
[White "Harasta, Marian"]
[Black "Nemsak, Denis"]
[Result "1-0"]
[WhiteElo "1648"]
[BlackElo "1476"]
[PlyCount "71"]
[EventDate "2008.??.??"]

1. d4 Nf6 2. c4 e6 3. Nc3 Bb4 4. Nf3 b6 5. e3 Bb7 6. Be2 d6 7. Qa4+ Nc6 8. O-O
Bxc3 9. bxc3 O-O 10. Ba3 Re8 11. Rab1 Ne7 12. c5 d5 13. Bb5 c6 14. Bd3 b5 15.
Qc2 Qc7 16. Ne5 h6 17. Bb4 a5 18. Ba3 Nd7 19. Bh7+ Kf8 20. Nxd7+ Qxd7 21. Bd3
Qc7 22. Bc1 f5 23. a4 Ba6 24. axb5 cxb5 25. Bxb5 Reb8 26. Bxa6 Rxa6 27. Ba3 Nc6
28. Rxb8+ Qxb8 29. Rb1 Qc7 30. Rb6 Ra7 31. Qa4 Ne7 32. Qb5 Kf7 33. c6 Kf6 34.
Bxe7+ Qxe7 35. Rb7 Rxb7 36. cxb7 1-0

[Event "SR 4. liga A21 2008/2009"]
[Site "?"]
[Date "2008.11.09"]
[Round "3.4"]
[White "Matejovic, Ludovit"]
[Black "Harastova, Viera"]
[Result "1/2-1/2"]
[WhiteElo "1592"]
[BlackElo "1658"]
[PlyCount "88"]
[EventDate "2008.??.??"]

1. e4 e5 2. Nf3 Nc6 3. Bc4 Nf6 4. Nc3 Be7 5. d3 d6 6. h3 h6 7. Be3 Be6 8. Bxe6
fxe6 9. d4 exd4 10. Nxd4 Nxd4 11. Qxd4 O-O 12. O-O-O c6 13. g4 Nh7 14. Qd2 Rf3
15. Qe2 Qf8 16. h4 Qf7 17. Rdg1 g5 18. hxg5 Bxg5 19. Nd1 Rf8 20. Bxg5 hxg5 21.
Rh6 Qf4+ 22. Kb1 Rf6 23. Rh5 Rg6 24. Rgh1 Rg7 25. R1h3 Rxh3 26. Rxh3 Nf6 27. f3
Rf7 28. Qe3 Qxe3 29. Nxe3 Kg7 30. c4 b6 31. Kc2 Nd7 32. Nf1 Ne5 33. Nd2 Kf6 34.
Rh6+ Ng6 35. Kd3 Kg7 36. Rh2 Ne5+ 37. Ke3 Rf4 38. b3 Rf8 39. Rh3 Rd8 40. Kd4
c5+ 41. Ke3 Nf7 42. Rh2 Kf6 43. Nb1 Rh8 44. Rxh8 Nxh8 1/2-1/2

[Event "SR 4. liga A21 2008/2009"]
[Site "?"]
[Date "2008.11.09"]
[Round "3.4"]
[White "Nedorost, Lubomir"]
[Black "Kastler, Peter"]
[Result "1-0"]
[WhiteElo "1588"]
[BlackElo "1690"]
[PlyCount "41"]
[EventDate "2008.??.??"]

1. e4 e5 2. Nc3 Nf6 3. Bc4 Bb4 4. f4 Bxc3 5. bxc3 d6 6. fxe5 dxe5 7. d3 O-O 8.
Nf3 Nc6 9. Ba3 Re8 10. Ng5 Be6 11. Nxe6 fxe6 12. O-O Na5 13. Bb3 Nxb3 14. axb3
b6 15. Qd2 c5 16. Qg5 Nd7 17. Qh5 Qc7 18. Qf7+ Kh8 19. Rf2 Qd6 20. Raf1 Rf8 21.
Qxd7 1-0

[Event "SR 4. liga A21 2008/2009"]
[Site "?"]
[Date "2008.11.09"]
[Round "3.4"]
[White "Zlamal, Marek"]
[Black "Strapko, Tomas"]
[Result "1-0"]
[WhiteElo "1488"]
[BlackElo "1436"]
[PlyCount "103"]
[EventDate "2008.??.??"]

1. e4 c5 2. c4 Nc6 3. Nf3 d6 4. Nc3 Nf6 5. h3 g6 6. d3 Bg7 7. Be2 O-O 8. O-O
Re8 9. Bg5 Qc7 10. Qd2 b6 11. Rab1 Bb7 12. a3 a6 13. Ne1 e6 14. f4 Nd4 15. Nf3
Nxe2+ 16. Qxe2 d5 17. e5 Nd7 18. Rf2 d4 19. Ne4 Bc6 20. Nfd2 Bf8 21. Qg4 Be7
22. Rbf1 b5 23. Qh4 Bxg5 24. fxg5 Nxe5 25. Nf6+ Kf8 26. Nxe8 Bxe8 27. Qg3 Rc8
28. Re1 Nc6 29. Qxc7 Rxc7 30. Rxe6 bxc4 31. Nxc4 a5 32. Nd6 Re7 33. Rxe7 Kxe7
34. Nxe8 Kxe8 35. Rc2 Ne5 36. Re2 Kd7 37. Rxe5 Kd6 38. Re2 Kd5 39. Kf2 a4 40.
Re7 c4 41. dxc4+ Kxc4 42. Ke2 Kb3 43. Kd3 Kxb2 44. Rxf7 Kxa3 45. Rxh7 Kb2 46.
Kxd4 a3 47. Ra7 a2 48. Rxa2+ Kxa2 49. Ke5 Kb3 50. Kf6 Kc4 51. Kxg6 Kd5 52. Kf7
1-0

[Event "SR 4. liga A21 2008/2009"]
[Site "?"]
[Date "2008.11.09"]
[Round "3.5"]
[White "Bjel, Tomas"]
[Black "Pripko, Bystrik"]
[Result "1-0"]
[WhiteElo "1623"]
[BlackElo "1560"]
[PlyCount "32"]
[EventDate "2008.??.??"]

1. e4 e5 2. Nf3 Nc6 3. Bc4 Bc5 4. c3 d6 5. h3 h6 6. d3 Nf6 7. Be3 Bb6 8. a4 O-O
9. b4 Bxe3 10. fxe3 a6 11. Nbd2 Be6 12. O-O b6 13. Qe2 Bxc4 14. Nxc4 Qe7 15.
Nh4 Nxe4 16. Nf5 Qh4 1-0

[Event "SR 4. liga A21 2008/2009"]
[Site "?"]
[Date "2008.11.09"]
[Round "3.5"]
[White "Blatnicky, Miroslav"]
[Black "Slaby, Jozef"]
[Result "1-0"]
[WhiteElo "2107"]
[BlackElo "1930"]
[PlyCount "77"]
[EventDate "2008.??.??"]

1. e4 e6 2. d4 d5 3. exd5 exd5 4. Nf3 Bg4 5. Be3 c6 6. Bd3 Bd6 7. Nbd2 Nd7 8.
c3 h6 9. Qc2 Ngf6 10. h3 Bxf3 11. Nxf3 Qc7 12. a3 Bf4 13. Qd2 Bd6 14. Bf5 Nb6
15. Bd3 O-O-O 16. b4 Rde8 17. a4 Ne4 18. Bxe4 Rxe4 19. O-O Rhe8 20. Qd3 Nc4 21.
Nd2 Nxd2 22. Bxd2 Kb8 23. b5 c5 24. dxc5 Qxc5 25. Be3 Qc4 26. Rfd1 Be5 27. Qxd5
Qxd5 28. Rxd5 Bxc3 29. Rc1 Ba5 30. Rd7 f5 31. Rxg7 f4 32. Bc5 Bc7 33. Bxa7+
Kxa7 34. Rcxc7 Rb8 35. a5 Rb4 36. a6 Re8 37. Rxb7+ Ka8 38. Ra7+ Kb8 39. Rgb7+
1-0

[Event "SR 4. liga A21 2008/2009"]
[Site "?"]
[Date "2008.11.09"]
[Round "3.5"]
[White "Krchnak, Rudolf"]
[Black "Vagovic, Milan"]
[Result "1-0"]
[WhiteElo "1930"]
[BlackElo "1667"]
[PlyCount "39"]
[EventDate "2008.??.??"]

1. d4 d5 2. Nc3 Nf6 3. Bg5 e6 4. e4 Be7 5. e5 Nfd7 6. h4 Bxg5 7. hxg5 Qxg5 8.
Nh3 Qe7 9. Nf4 a6 10. Qg4 g6 11. O-O-O c5 12. Nfxd5 exd5 13. Nxd5 Qd8 14. e6
fxe6 15. Qxe6+ Kf8 16. Qd6+ Kf7 17. dxc5 Nc6 18. Nc7 Rb8 19. Bc4+ Kg7 20. Ne6+
1-0

[Event "SR 4. liga A21 2008/2009"]
[Site "?"]
[Date "2008.11.09"]
[Round "3.5"]
[White "Kupkovic, Miroslav"]
[Black "Lanyi, Frantisek"]
[Result "0-1"]
[WhiteElo "1690"]
[BlackElo "1743"]
[PlyCount "74"]
[EventDate "2008.??.??"]

1. c4 e5 2. Nc3 Nf6 3. g3 Bb4 4. Bg2 c6 5. e3 O-O 6. Nge2 d5 7. cxd5 cxd5 8.
Qb3 Bxc3 9. bxc3 Nc6 10. d3 b6 11. O-O Be6 12. Qd1 Rc8 13. Bb2 Qd7 14. f4 Ng4
15. Qd2 f6 16. e4 dxe4 17. Bxe4 Rfd8 18. f5 Bd5 19. Bxd5+ Qxd5 20. d4 Na5 21.
Qe1 Ne3 22. Qf2 Nxf1 23. Rxf1 Nc4 24. Ba1 Nd2 25. Rc1 Nf3+ 26. Kf1 exd4 27. Rd1
Qxf5 28. Kg2 d3 29. Nc1 d2 30. Qxf3 Qxf3+ 31. Kxf3 dxc1=Q 32. Rxc1 Rd2 33. h3
Rxa2 34. Rd1 Re8 35. c4 Rc8 36. Rc1 Ra4 37. c5 Rxc5 0-1

[Event "SR 4. liga A21 2008/2009"]
[Site "?"]
[Date "2008.11.09"]
[Round "3.5"]
[White "Piestansky, Jan"]
[Black "Bjel, Jan"]
[Result "1/2-1/2"]
[WhiteElo "1597"]
[BlackElo "1703"]
[PlyCount "48"]
[EventDate "2008.??.??"]

1. e4 e5 2. Nf3 Nc6 3. Bb5 a6 4. Ba4 Nf6 5. d3 b5 6. Bb3 Bc5 7. c3 d6 8. h3 h6
9. O-O Be6 10. Bc2 Qd7 11. d4 exd4 12. cxd4 Bxh3 13. gxh3 Qxh3 14. dxc5 Ne5 15.
Nxe5 dxe5 16. Qd3 Qh5 17. Qg3 O-O-O 18. Be3 Rhe8 19. Nc3 Re6 20. Bd1 Rxd1 21.
Rfxd1 Nd7 22. Nd5 Kd8 23. Qxg7 Rg6+ 24. Qxg6 Qxg6+ 1/2-1/2

[Event "SR 4. liga A21 2008/2009"]
[Site "?"]
[Date "2008.11.09"]
[Round "3.6"]
[White "Adamec, Jozef"]
[Black "Sprusansky, Ferdinand"]
[Result "1-0"]
[WhiteElo "1461"]
[BlackElo "1449"]
[PlyCount "133"]
[EventDate "2008.??.??"]

1. e4 e5 2. Nf3 Nc6 3. Bc4 Nf6 4. Nc3 Bc5 5. h3 a6 6. a3 b5 7. Ba2 d6 8. d3 h6
9. Ne2 O-O 10. Ng3 Nd4 11. Nh4 Be6 12. Bxe6 Nxe6 13. Nhf5 Nf4 14. Bxf4 exf4 15.
Nf1 Re8 16. Nd2 d5 17. O-O dxe4 18. dxe4 Nxe4 19. Nxe4 Qxd1 20. Nxh6+ gxh6 21.
Nf6+ Kf8 22. Raxd1 Re2 23. Nd7+ Kg7 24. Nxc5 Rxc2 25. Nd3 Rc4 26. Rc1 Rd4 27.
Ne5 Rc8 28. Rfd1 Re4 29. Re1 Rd4 30. Nc6 Rd7 31. Re7 Rd2 32. Na7 Rf8 33. Rexc7
Rxb2 34. R7c6 a5 35. Rb6 b4 36. axb4 axb4 37. Rc4 b3 38. Rcb4 Ra8 39. Nc6 Ra1+
40. Kh2 Rxf2 41. Ne7 Raa2 42. Nf5+ Kg8 43. Nh4 f3 44. Rg4+ Kf8 45. Rxb3 h5 46.
Rg3 Rf1 47. Rgxf3 Raf2 48. Rxf2 Rxf2 49. Kg3 Rf6 50. Rb5 Rh6 51. Rb8+ Kg7 52.
Nf5+ Kg6 53. Nxh6 Kxh6 54. Kh4 f5 55. Rb6+ Kg7 56. Kg5 f4 57. Kxf4 h4 58. Kg5
Kf7 59. Kxh4 Ke7 60. Kg5 Kd7 61. h4 Kc7 62. Rf6 Kd7 63. h5 Ke7 64. h6 Kd7 65.
h7 Ke7 66. h8=Q Kd7 67. Qg7+ 1-0

[Event "SR 4. liga A21 2008/2009"]
[Site "?"]
[Date "2008.11.09"]
[Round "3.6"]
[White "Damborsky, Pavol"]
[Black "Kicinja, Jan"]
[Result "1/2-1/2"]
[WhiteElo "1664"]
[BlackElo "1806"]
[PlyCount "93"]
[EventDate "2008.??.??"]

1. c4 c5 2. Nc3 Nc6 3. g3 e6 4. Bg2 Nge7 5. e3 d5 6. cxd5 exd5 7. Nge2 Be6 8.
d4 c4 9. O-O Nb4 10. Nf4 Qd7 11. a3 Nbc6 12. Nxe6 fxe6 13. b4 a6 14. Qh5+ Ng6
15. Bh3 Bd6 16. Nxd5 Qf7 17. Nb6 Rd8 18. Nxc4 Bc7 19. Bb2 e5 20. Nxe5 Ngxe5 21.
Qxf7+ Nxf7 22. d5 Be5 23. dxc6 Bxb2 24. Ra2 Be5 25. cxb7 Rb8 26. Bc8 Nd8 27. f4
Bf6 28. Rd2 Nxb7 29. Bd7+ Kf7 30. Rc1 Be7 31. Rc6 a5 32. Be6+ Ke8 33. Rc7 Bd6
34. Rxb7 Rxb7 35. Rxd6 axb4 36. axb4 Rxb4 37. Ra6 Ke7 38. f5 Rb2 39. Ra2 Rhb8
40. e4 Kf6 41. Rxb2 Rxb2 42. h4 g6 43. g4 h6 44. Bd5 g5 45. hxg5+ hxg5 46. Bc6
Ke5 47. Bd5 1/2-1/2

[Event "SR 4. liga A21 2008/2009"]
[Site "?"]
[Date "2008.11.09"]
[Round "3.6"]
[White "Hanzalik, Alojz"]
[Black "Sladek, Tibor"]
[Result "1-0"]
[WhiteElo "1380"]
[BlackElo "1436"]
[PlyCount "95"]
[EventDate "2008.??.??"]

1. e4 e5 2. Nc3 Nf6 3. Be2 Bb4 4. Nf3 Bxc3 5. dxc3 d6 6. Nd2 a6 7. b3 h6 8. O-O
c5 9. c4 O-O 10. Re1 Nc6 11. c3 Ne7 12. g3 b6 13. Bf3 Bb7 14. Bg2 Ng6 15. f3 a5
16. a4 Qd7 17. Nf1 Rad8 18. Ra2 Qe7 19. Be3 Qc7 20. Rd2 Ba6 21. Bf2 Rfe8 22.
Ne3 Bc8 23. Rd3 Be6 24. Re2 Re7 25. Red2 Red7 26. Nc2 Nh7 27. Be3 Nf6 28. Na3
Ne8 29. Nb5 Qb8 30. Kh1 Kh8 31. Qf1 Kg8 32. Bh3 Bxh3 33. Qxh3 Nf6 34. Qg2 Nh5
35. Qh3 Nf6 36. Qf1 Nh5 37. Rg2 Kh7 38. Rd5 Nf6 39. Rdd2 Nh5 40. Qf2 Kg8 41. f4
exf4 42. gxf4 Nf6 43. Qg1 Nxe4 44. Rde2 Kh8 45. f5 Nh4 46. Rxg7 Nxf5 47. Bxh6
Nxg7 48. Qxg7# 1-0